UBT Library

Macroeconomics / (Record no. 43550)

000 -LEADER
fixed length control field 00780cam a2200265 i 4500
001 - CONTROL NUMBER
control field 17504318
005 - DATE AND TIME OF LATEST TRANSACTION
control field 20180227034843.0
008 - FIXED-LENGTH DATA ELEMENTS--GENERAL INFORMATION
fixed length control field 121022s2014 ohua 001 0 eng
010 ## - LIBRARY OF CONGRESS CONTROL NUMBER
LC control number 2012952308
020 ## - INTERNATIONAL STANDARD BOOK NUMBER
International Standard Book Number 9781133189749 (student edition : softbound)
020 ## - INTERNATIONAL STANDARD BOOK NUMBER
International Standard Book Number 1133189741 (student edition : softbound)
040 ## - CATALOGING SOURCE
Original cataloging agency DLC
Language of cataloging eng
Transcribing agency DLC
Modifying agency DLC
Description conventions rda
041 ## - LANGUAGE CODE
Language code of text/sound track or separate title eng
042 ## - AUTHENTICATION CODE
Authentication code pcc
080 ## - UNIVERSAL DECIMAL CLASSIFICATION NUMBER
Universal Decimal Classification number 33 ARN
082 ## - DEWEY DECIMAL CLASSIFICATION NUMBER
Classification number 33 ARN
100 1# - Rafti
Rafti 52
101 ## - Shkurtesa
Shkurtesa MAK
245 10 - TITLE STATEMENT
Title Macroeconomics /
Statement of responsibility, etc Roger A. Arnold, California State University, San Marcos.
246 3# - VARYING FORM OF TITLE
Title proper/short title Macro economics
906 ## - LOCAL DATA ELEMENT F, LDF (RLIN)
a 7
b cbc
c origcop
d 3
e epcn
f 20
g y-gencatlg
942 ## - ADDED ENTRY ELEMENTS (KOHA)
Source of classification or shelving scheme
Item type Books
Holdings
Withdrawn status Lost status Source of classification or shelving scheme Damaged status Not for loan Collection code Permanent location Current location Shelving location Date acquired Total Checkouts Full call number Barcode Date last seen Price effective from Koha item type
          Koleksioni i përgjithshem UBT - Lipjan UBT - Lipjan Koleksioni i përgjithshem 02/27/2018   33 ARN 002-3000249 02/27/2018 02/27/2018 Books
UBT Library © 2015-2024. All rights reserved University Education for Business and Technology